000 00484cam a2200205ua 4500
001 8654
005 20260515114348.0
008 150210n ii |||gr||||Z||||||eng
020 _a8189293079
040 _cMAIN
041 _aeng
082 _a410
100 _aSarengi, J.,
_eAuthor.,
245 1 _aTextbook of linguistics & phonetics
_cBy Jaydeep Sarengi
250 _a3rd rev.
260 _aKolkatta:
_bBooks,
_c2009.
300 _a180p.
653 _aLinguistics
942 _cBK
999 _c7746
_d7746